000 00361nam a2200157Ia 4500
008 221030s9999 xx 000 0 und d
020 _a8120312376
041 _aEnglish
082 _a105.23
_bOga
100 _aK. Ogata
245 0 _aModern Control Engineering
_cby K. Ogata
260 _bPHI
_aNew Delhi
_c1999
300 _a997
650 _aEE
942 _cBK
999 _c6737
_d6737